00425cam a2200169ua 45000010005000000080039000050400009000440410008000530820015000611000033000762450053001092500017001622600031001793000010002106530014002206530021002349469150922n ii |||gr||||Z||||||asm cMAIN aasm a330.951462 aDhar, Pranab Kumar,eAuthor.1 aAsomor arthanitir ruprekhacby Pranab Kumar Dhar a2nd rev. ed. aLudhiana:bKalyani,c1994. a231p. aEconomics aEconomy of Assam